[Event "Anti Cheating Blitz Cup"]
[Site "Chess.com INT"]
[Date "2020.05.20"]
[Round "4"]
[White "Zambrano Acebo, Jean Carlos"]
[Black "Piesik, Piotr"]
[Result "0-1"]
[WhiteElo "2001"]
[BlackElo "2418"]
[PlyCount "114"]
[EventDate "2020.05.20"]
[EventType "swiss (blitz)"]
[EventRounds "11"]
[EventCountry "USA"]
[SourceTitle "CBM 196 Extra"]
[Source "ChessBase"]
[SourceDate "2020.07.31"]
[SourceVersion "1"]
[SourceVersionDate "2020.07.31"]
[SourceQuality "1"]

1. e4 g6 2. d4 Bg7 3. Nc3 c6 4. Bc4 b5 5. Bb3 b4 6. Nce2 d5 7. e5 Nh6 8. Nf3 Bg4 9. Ng3 f6 10. h3 Bxf3 11. Qxf3 0-0 12. Qe2 fxe5 13. dxe5 Nd7 14. Bg5 Nf5 15. e6 Nd4 16. Qd2 Nxe6 17. Bh6 Bxh6 18. Qxh6 Ndc5 19. 0-0 Nf4 20. Rfe1 Qd6 21. Qg5 Rf6 22. Rad1 Re8 23. Qe5 Qxe5 24. Rxe5 Nd7 25. Re3 e5 26. c4 bxc3 27. Rxc3 Kg7 28. Rdc1 Rc8 29. Ba4 Nb8 30. Rb3 c5 31. Rb7+ Rf7 32. Rxf7+ Kxf7 33. Kf1 c4 34. a3 Nd3 35. Rc2 Nc6 36. Ne2 Ke6 37. b3 Na5 38. bxc4 Rxc4 39. Rxc4 Nxc4 40. Bb5 Nd2+ 41. Kg1 Nb2 42. a4 d4 43. a5 Nbc4 44. f4 Nxa5 45. fxe5 Kxe5 46. Kf2 Ne4+ 47. Kf3 Nc3 48. Be8 Nxe2 49. Kxe2 Nb3 50. Kd3 Nc5+ 51. Ke2 a5 52. Bf7 g5 53. g3 h6 54. h4 Ne4 55. hxg5 hxg5 56. g4 a4 57. Ba2 Nc3+ 0-1

[Event "Pan American-ch U18"]
[Site "Guayaquil"]
[Date "2019.07.22"]
[Round "3"]
[White "Caballero Quijano, Mitzy Mishell"]
[Black "Zambrano Acebo, Jean Carlos"]
[Result "0-1"]
[WhiteElo "2059"]
[BlackElo "2202"]
[PlyCount "58"]
[EventDate "2019.07.21"]
[EventType "swiss"]
[EventRounds "9"]
[EventCountry "ECU"]
[SourceTitle "EXT 2020"]
[Source "ChessBase"]
[SourceDate "2019.10.17"]
[SourceVersion "1"]
[SourceVersionDate "2019.10.17"]
[SourceQuality "1"]

1. d4 Nf6 2. Nf3 e6 3. g3 c5 4. Bg2 cxd4 5. Nxd4 d5 6. 0-0 e5 7. Nb3 Be7 8. Bg5 Nbd7 9. c3 0-0 10. Qc2 h6 11. Bc1 Nb6 12. Rd1 Bg4 13. f3 Bh5 14. Be3 Bg6 15. Qc1 Rc8 16. Bf2 Qc7 17. N1d2 Rfd8 18. Nf1 Bf5 19. g4 Bg6 20. h4 Nc4 21. Bh3 Ra8 22. Ne3 b5 23. g5 hxg5 24. hxg5 Nh5 25. Ng2 a5 26. f4 exf4 27. Nd4 Bxg5 28. Nf3 Bf6 29. Ngh4 Be4 0-1

[Event "South America-ch U20"]
[Site "Asuncion"]
[Date "2019.05.13"]
[Round "4"]
[White "Zambrano Acebo, Jean Carlos"]
[Black "Cantero, Rodolfo"]
[Result "1/2-1/2"]
[WhiteElo "2174"]
[BlackElo "2059"]
[PlyCount "109"]
[EventDate "2019.05.11"]
[EventType "swiss"]
[EventRounds "9"]
[EventCountry "PAR"]
[SourceTitle "CBM 190 Extra"]
[Source "ChessBase"]
[SourceDate "2019.07.15"]
[SourceVersion "1"]
[SourceVersionDate "2019.07.15"]
[SourceQuality "1"]

1. e4 e5 2. Nf3 Nc6 3. d4 exd4 4. Nxd4 Nf6 5. Nxc6 bxc6 6. Qe2 d5 7. Bg5 Be7 8. Bxf6 Bxf6 9. exd5+ Qe7 10. Nc3 Bxc3+ 11. bxc3 cxd5 12. Qxe7+ Kxe7 13. 0-0-0 Be6 14. Bb5 c5 15. Rhe1 Rad8 16. f4 g6 17. Bc6 d4 18. cxd4 cxd4 19. Re5 Rd6 20. Ba4 Kf6 21. Bb3 Bf5 22. Ra5 a6 23. Bc4 Rc8 24. Bd3 Bg4 25. Re1 Be6 26. Ree5 Bc4 27. Bxc4 Rxc4 28. Rec5 Rb4 29. a3 Rbb6 30. Rd5 Re6 31. Rxd4 Re2 32. Rg5 Rc6 33. Rd2 Re1+ 34. Kb2 Rb6+ 35. Ka2 Reb1 36. c4 Rc1 37. c5 Rb5 38. Rb2 Rbxc5 39. Rb6+ Rc6 40. Rxc6+ Rxc6 41. Kb3 h6 42. Rd5 Re6 43. g3 Re2 44. Rd6+ Kf5 45. Rxa6 Rxh2 46. Rc6 Kg4 47. Rc3 g5 48. fxg5 hxg5 49. a4 f5 50. a5 f4 51. gxf4 gxf4 52. a6 f3 53. Kb4 Rb2+ 54. Ka5 f2 55. Rc1 1/2-1/2

[Event "South America-ch U20"]
[Site "Asuncion"]
[Date "2019.05.12"]
[Round "2"]
[White "Zambrano Acebo, Jean Carlos"]
[Black "Menacho Admen, Victor Gabriel"]
[Result "1-0"]
[WhiteElo "2174"]
[BlackElo "1103"]
[PlyCount "43"]
[EventDate "2019.05.11"]
[EventType "swiss"]
[EventRounds "9"]
[EventCountry "PAR"]
[SourceTitle "CBM 190 Extra"]
[Source "ChessBase"]
[SourceDate "2019.07.15"]
[SourceVersion "1"]
[SourceVersionDate "2019.07.15"]
[SourceQuality "1"]

1. e4 e5 2. Nf3 Nc6 3. Bb5 d6 4. d4 f6 5. h3 Bd7 6. Nc3 a6 7. Ba4 exd4 8. Nxd4 Nxd4 9. Bxd7+ Qxd7 10. Qxd4 Ne7 11. b3 Nc6 12. Qd2 Ne7 13. Bb2 0-0-0 14. 0-0-0 c6 15. f4 d5 16. e5 fxe5 17. Na4 Kb8 18. Bxe5+ Ka7 19. Qd4+ b6 20. Qxb6+ Ka8 21. Qxa6+ Qa7 22. Nb6# 1-0

[Event "Pan American-ch U18"]
[Site "Santiago de Chile"]
[Date "2018.07.27"]
[Round "7"]
[White "Heinechen, Juan"]
[Black "Zambrano Acebo, Jean Carlos"]
[Result "1-0"]
[WhiteElo "2160"]
[BlackElo "2130"]
[PlyCount "123"]
[EventDate "2018.07.22"]
[EventType "swiss"]
[EventRounds "9"]
[EventCountry "CHI"]
[SourceTitle "EXT 2022"]
[Source "ChessBase"]
[SourceDate "2021.10.06"]
[SourceVersion "1"]
[SourceVersionDate "2021.10.06"]
[SourceQuality "1"]

1. e4 c6 2. d4 d5 3. Nc3 dxe4 4. Nxe4 Bf5 5. Ng3 Bg6 6. h4 h6 7. Nf3 Nd7 8. h5 Bh7 9. Bd3 Bxd3 10. Qxd3 e6 11. Bf4 Qa5+ 12. Bd2 Bb4 13. c3 Be7 14. c4 Qc7 15. 0-0-0 Ngf6 16. Kb1 Rd8 17. Qe2 0-0 18. Bc3 Rfe8 19. Ne5 b5 20. cxb5 cxb5 21. Qxb5 Nxe5 22. dxe5 Rb8 23. Qa5 Qxa5 24. Bxa5 Ng4 25. Rhe1 Rb5 26. Bc3 Rc8 27. Bd4 Ba3 28. Re2 Rd8 29. Kc2 Bxb2 30. Bxb2 Rxb2+ 31. Kxb2 Rxd1 32. f3 Nh2 33. Ne4 Rd5 34. Nd2 Rb5+ 35. Kc3 Rc5+ 36. Kb4 Rc1 37. Rf2 g6 38. g4 Rh1 39. Ka5 Kg7 40. a4 f6 41. exf6+ Kxf6 42. hxg6 Kxg6 43. Ka6 h5 44. gxh5+ Kxh5 45. a5 Kh4 46. Kxa7 Kg3 47. Re2 Rd1 48. a6 e5 49. Kb7 Nxf3 50. Nxf3 Rb1+ 51. Ka8 Kxf3 52. Rxe5 Kf4 53. Re7 Kf5 54. a7 Kf6 55. Rb7 Re1 56. Kb8 Re8+ 57. Kc7 Re7+ 58. Kb6 Re6+ 59. Kb5 Re1 60. Rb8 Re5+ 61. Ka6 Re6+ 62. Rb6 1-0

[Event "Pan American-ch U18"]
[Site "Santiago de Chile"]
[Date "2018.07.27"]
[Round "8"]
[White "Zambrano Acebo, Jean Carlos"]
[Black "Goncalves, Davi Sulzbacher"]
[Result "1-0"]
[WhiteElo "2130"]
[BlackElo "2183"]
[PlyCount "43"]
[EventDate "2018.07.22"]
[EventType "swiss"]
[EventRounds "9"]
[EventCountry "CHI"]
[SourceTitle "EXT 2022"]
[Source "ChessBase"]
[SourceDate "2021.10.06"]
[SourceVersion "1"]
[SourceVersionDate "2021.10.06"]
[SourceQuality "1"]

1. d4 Nf6 2. c4 g6 3. Nc3 d5 4. cxd5 Nxd5 5. e4 Nxc3 6. bxc3 Bg7 7. Nf3 c5 8. Rb1 0-0 9. Be2 b6 10. 0-0 Bb7 11. d5 Bxc3 12. h4 Bg7 13. h5 Nd7 14. hxg6 hxg6 15. Ng5 Nf6 16. Qd3 Qc8 17. Qg3 Ba6 18. Bxa6 Qxa6 19. Rb3 Qe2 20. Qh2 Rfd8 21. Rf3 c4 22. Ba3 1-0

[Event "Pan American-ch U18"]
[Site "Santiago de Chile"]
[Date "2018.07.24"]
[Round "4"]
[White "Zambrano Acebo, Jean Carlos"]
[Black "Villca, Julian"]
[Result "1/2-1/2"]
[WhiteElo "2130"]
[BlackElo "2318"]
[PlyCount "126"]
[EventDate "2018.07.22"]
[EventType "swiss"]
[EventRounds "9"]
[EventCountry "CHI"]
[SourceTitle "EXT 2022"]
[Source "ChessBase"]
[SourceDate "2021.10.06"]
[SourceVersion "1"]
[SourceVersionDate "2021.10.06"]
[SourceQuality "1"]

1. e4 e5 2. Nf3 Nc6 3. Bb5 a6 4. Bxc6 dxc6 5. 0-0 Bg4 6. h3 h5 7. d3 Qf6 8. Nbd2 Bd6 9. Re1 Ne7 10. d4 Ng6 11. hxg4 hxg4 12. Nh2 Rxh2 13. Qxg4 Rh4 14. Qf5 Rf4 15. Qxf6 Rxf6 16. Nf3 Re6 17. Be3 0-0-0 18. Rad1 Rde8 19. Ng5 R6e7 20. d5 cxd5 21. Rxd5 f6 22. Nf3 Rd7 23. Red1 Red8 24. c4 Nf8 25. Kf1 Ne6 26. Ke2 c6 27. R5d2 Bc5 28. Rxd7 Rxd7 29. Rxd7 Kxd7 30. Ne1 Bd4 31. b3 b5 32. cxb5 axb5 33. Nc2 c5 34. g3 Kc6 35. Kd3 Bb2 36. Bd2 c4+ 37. bxc4 Nc5+ 38. Ke3 bxc4 39. Bb4 Ne6 40. Kd2 Ng5 41. Bf8 g6 42. Bg7 Nxe4+ 43. Ke3 f5 44. g4 Nd6 45. f3 Kd5 46. Nb4+ Ke6 47. Bf8 Nb5 48. gxf5+ gxf5 49. a4 Bd4+ 50. Kd2 Bc3+ 51. Kc2 Bxb4 52. Bxb4 Nd4+ 53. Kc3 Kd5 54. a5 Nxf3 55. a6 Nd4 56. Be7 f4 57. Bf6 Nc6 58. Bg5 Na7 59. Bh4 e4 60. Bg5 Ke5 61. Kxc4 e3 62. Kd3 Nc6 63. Be7 Kd5 1/2-1/2

[Event "Pan American-ch U20"]
[Site "Guayaquil"]
[Date "2018.06.23"]
[Round "8"]
[White "Rodriguez Horna, Lorenzo"]
[Black "Zambrano Acebo, Jean Carlos"]
[Result "1/2-1/2"]
[WhiteElo "1939"]
[BlackElo "2152"]
[PlyCount "96"]
[EventDate "2018.06.19"]
[EventType "swiss"]
[EventRounds "9"]
[EventCountry "ECU"]
[SourceTitle "EXT 2019"]
[Source "ChessBase"]
[SourceDate "2018.10.10"]
[SourceVersion "1"]
[SourceVersionDate "2018.10.10"]
[SourceQuality "1"]

1. b3 e5 2. Bb2 Nc6 3. e3 Nf6 4. Bb5 Bd6 5. Na3 e4 6. Nc4 Be7 7. Bxc6 bxc6 8. d3 exd3 9. cxd3 Bb4+ 10. Nd2 d5 11. Ngf3 a5 12. 0-0 0-0 13. Qc2 Ra6 14. a3 Bd6 15. e4 Bf4 16. Rfe1 Bg4 17. h3 Bh5 18. Qc3 Re8 19. e5 Nd7 20. e6 Nf6 21. exf7+ Bxf7 22. Rxe8+ Bxe8 23. Re1 Bd6 24. Nd4 Qd7 25. Ne6 Ra8 26. Nf3 Bg6 27. Ne5 Qxe6 28. Nxg6 d4 29. Qc1 Qxb3 30. Ne7+ Bxe7 31. Rxe7 Qxd3 32. Qg5 Qg6 33. Qxg6 hxg6 34. Bxd4 Rd8 35. Bxf6 gxf6 36. Rxc7 Rd1+ 37. Kh2 Rc1 38. f3 Rc3 39. Kg3 Rxa3 40. Rxc6 Kf7 41. Ra6 Ra2 42. Kf4 Ra4+ 43. Ke3 g5 44. g4 Ra3+ 45. Kf2 Kg6 46. Kg3 a4 47. h4 gxh4+ 48. Kxh4 Rxf3 1/2-1/2

[Event "Capablanca Memorial op 53rd"]
[Site "Havana"]
[Date "2018.05.15"]
[Round "6"]
[White "Zambrano Acebo, Jean Carlos"]
[Black "Lopez Gonzalez, Abel Fabian"]
[Result "0-1"]
[WhiteElo "2140"]
[BlackElo "2318"]
[PlyCount "78"]
[EventDate "2018.05.09"]
[EventType "swiss"]
[EventRounds "10"]
[EventCountry "CUB"]
[SourceTitle "EXT 2021"]
[Source "ChessBase"]
[SourceDate "2020.10.23"]
[SourceVersion "1"]
[SourceVersionDate "2020.10.23"]
[SourceQuality "1"]

1. e4 e5 2. Nf3 Nc6 3. d4 exd4 4. Nxd4 Nf6 5. Nxc6 bxc6 6. Qe2 a5 7. Bg5 Ba6 8. Qf3 Bxf1 9. Kxf1 Be7 10. Nc3 0-0 11. g3 Re8 12. Rd1 h6 13. h4 Nh7 14. Qf5 hxg5 15. hxg5 Nxg5 16. f4 g6 17. Qg4 d6 18. Qh4 Bf6 19. fxg5 Bg7 20. Rd3 Re5 21. Rf3 Qxg5 22. Qh7+ Kf8 23. Kg2 Re7 24. Ne2 Qd2 25. Rf2 Qxc2 26. Rh4 g5 27. Rg4 d5 28. Nd4 Qd1 29. Nf5 Qxg4 30. Qxg7+ Ke8 31. Nxe7 Qxe4+ 32. Kf1 Qh1+ 33. Ke2 Qh5+ 34. g4 Qxg4+ 35. Kd2 Kxe7 36. Rxf7+ Kd6 37. Qf6+ Kc5 38. Qe7+ Kb6 39. Qe3+ Kb7 0-1

[Event "South America-ch U20 13th"]
[Site "Manta"]
[Date "2017.04.28"]
[Round "6"]
[White "Zambrano Acebo, Jean Carlos"]
[Black "Carrasco Jacome, Bryan Ricardo"]
[Result "1/2-1/2"]
[WhiteElo "1950"]
[BlackElo "1949"]
[PlyCount "87"]
[EventDate "2017.04.25"]
[EventType "swiss"]
[EventRounds "9"]
[EventCountry "ECU"]
[SourceTitle "CBM 178 Extra"]
[Source "ChessBase"]
[SourceDate "2017.06.22"]
[SourceVersion "1"]
[SourceVersionDate "2017.06.22"]
[SourceQuality "1"]

1. c4 c5 2. Nc3 Nc6 3. g3 g6 4. Bg2 Bg7 5. Nf3 e5 6. 0-0 Nge7 7. a3 a5 8. Rb1 d6 9. Ne1 Be6 10. d3 h6 11. Nc2 d5 12. cxd5 Nxd5 13. Ne3 Nde7 14. Nc4 0-0 15. Be3 b6 16. b4 axb4 17. axb4 cxb4 18. Bxb6 Qc8 19. Nb5 Rb8 20. Nbd6 Qd7 21. Bc5 Nc8 22. Nxc8 Qxc8 23. Bxf8 Bxf8 24. e3 Ne7 25. Qb3 Nd5 26. Rfc1 Nc3 27. Rb2 Qd8 28. Qc2 Rc8 29. Bf1 e4 30. Qd2 exd3 31. Ne5 Ne2+ 32. Bxe2 Rxc1+ 33. Qxc1 dxe2 34. Rxe2 b3 35. Rd2 Qa8 36. Nc6 b2 37. Rxb2 Ba3 38. Qa1 Qxc6 39. Qxa3 Bh3 40. Rb8+ Kh7 41. e4 Qxe4 42. Rh8+ Kxh8 43. Qf8+ Kh7 44. Qxf7+ 1/2-1/2

[Event "South America-ch U20 13th"]
[Site "Manta"]
[Date "2017.04.27"]
[Round "5"]
[White "Carneiro, Vitor Roberto Castr"]
[Black "Zambrano Acebo, Jean Carlos"]
[Result "1-0"]
[WhiteElo "2435"]
[BlackElo "1950"]
[PlyCount "97"]
[EventDate "2017.04.25"]
[EventType "swiss"]
[EventRounds "9"]
[EventCountry "ECU"]
[SourceTitle "CBM 178 Extra"]
[Source "ChessBase"]
[SourceDate "2017.06.22"]
[SourceVersion "1"]
[SourceVersionDate "2017.06.22"]
[SourceQuality "1"]

1. g3 Nf6 2. Bg2 e6 3. c4 d5 4. Nf3 Be7 5. 0-0 b6 6. d4 Bb7 7. cxd5 exd5 8. Nc3 0-0 9. Ne5 Na6 10. Qa4 c5 11. Rd1 Rc8 12. e3 Re8 13. Bh3 Ra8 14. Nc6 Bxc6 15. Qxc6 Nb4 16. Qa4 c4 17. a3 Nd3 18. b3 b5 19. Qa6 Rb8 20. Bf1 Nxc1 21. Raxc1 Qb6 22. Qxb6 Rxb6 23. b4 Rd8 24. Bg2 Rbb8 25. Rb1 h6 26. Kf1 a5 27. Ke2 axb4 28. axb4 Rd7 29. h3 Ra7 30. Kd2 Ra3 31. Kc2 Ra7 32. Bxd5 Nxd5 33. Nxd5 Bd6 34. Nc3 Ra3 35. e4 Be7 36. e5 Rba8 37. d5 Rb8 38. d6 Bd8 39. f4 Kf8 40. Ra1 Rba8 41. Rxa3 Rxa3 42. f5 Ke8 43. e6 Bf6 44. Nxb5 Ra2+ 45. Kc1 c3 46. Nc7+ Kf8 47. e7+ Bxe7 48. dxe7+ Kxe7 49. Nd5+ 1-0

[Event "South America-ch U20 13th"]
[Site "Manta"]
[Date "2017.04.27"]
[Round "4"]
[White "Zambrano Acebo, Jean Carlos"]
[Black "Fonseca Medina, Andree"]
[Result "1-0"]
[WhiteElo "1950"]
[BlackElo "1756"]
[PlyCount "65"]
[EventDate "2017.04.25"]
[EventType "swiss"]
[EventRounds "9"]
[EventCountry "ECU"]
[SourceTitle "CBM 178 Extra"]
[Source "ChessBase"]
[SourceDate "2017.06.22"]
[SourceVersion "1"]
[SourceVersionDate "2017.06.22"]
[SourceQuality "1"]

1. c4 e5 2. Nc3 Nf6 3. g3 c6 4. Nf3 e4 5. Nd4 d5 6. cxd5 cxd5 7. d3 Bc5 8. Nb3 Be7 9. dxe4 dxe4 10. Qxd8+ Bxd8 11. Bg2 Bf5 12. Nc5 Ba5 13. Bd2 Bxc3 14. Bxc3 Nbd7 15. Nxb7 0-0 16. Nd6 Bg6 17. 0-0 a5 18. Rfd1 Ra6 19. e3 Rb8 20. Rd2 a4 21. Bf1 Rab6 22. Nc4 Rb5 23. Rad1 Nf8 24. Ne5 R5b7 25. Nxg6 hxg6 26. Rd8 Kh7 27. Rxb8 Rxb8 28. Bg2 Ne6 29. Rd2 Nc5 30. Bd4 Nd3 31. Bxf6 gxf6 32. Bxe4 Rxb2 33. Rxd3 1-0